| 000 | 00640nam a2200229Ia 4500 | ||
|---|---|---|---|
| 001 | 3418 | ||
| 003 | GE_BSU | ||
| 008 | 181216s||||||||xx |||||||||||||| ||und|| | ||
| 040 | _cGE_BSU | ||
| 080 | _a530.12 | ||
| 100 | _aЛандау,Л.Д. Лифшиц,Е.М; | ||
| 245 | _aТеория поля=Теоретическая физика.Том ll. | ||
| 245 | _cРед. Л.И.Гланднева. | ||
| 250 | _a5-е изд. испр. и дополн. | ||
| 260 | _aМ. | ||
| 260 | _bНаука. | ||
| 260 | _c1967. | ||
| 300 | _a460 ст. илл. 23 см. | ||
| 300 | _eтабл. | ||
| 653 | _aТеория поля. | ||
| 942 | _cBK | ||
| 999 |
_c37457 _d37457 |
||